Vlastné imanie - účtovanie, oceňovanie a vykazovanie vo vybranej poisťovni diplomová práca

Saved in:
Bibliographic Details
Main Author: Machúnová, Ivana
Corporate Author: Fakulta hospodárskej informatiky EU. Katedra účtovníctva a audítorstva
Other Authors: Juhászová, Zuzana, 1970-
Format: Book
Language:Slovak
Published: Bratislava 2012
Tags: Add Tag
No Tags, Be the first to tag this record!

MARC

LEADER 00000nbm a2200000 4500
001 0154738
005 20161109102141.3
041 0 |a slo 
044 |a SK 
245 1 0 |a Vlastné imanie - účtovanie, oceňovanie a vykazovanie vo vybranej poisťovni  |b diplomová práca  |c Ivana Machúnová ; školiteľ: Zuzana Juhászová 
264 1 |a Bratislava  |c 2012 
300 |a 82 s. 
100 1 |a Machúnová, Ivana 
700 1 |a Juhászová, Zuzana, 1970- 
710 2 |a Fakulta hospodárskej informatiky EU. Katedra účtovníctva a audítorstva